00618nam a2200217Ia 450000500170000000800410001702000090005804000190006704100120008608200160009810000230011424500450013726000310018230000110021350400190022465000210024385000100026494200070027499900170028195201020029820240926120549.0131103s9999 xx 000 0 und d cRs.5 aLoreto College aEnglish a891.44bSEN aSengupta, Sukhomoy aBangla pathan padhaticSukhomoy Sengupta aKolkatabModern bookc1969 a113p.  aIncludes index aBengali language aLCBED cBK c30480d80959 00102ddc4070aMAINbMAINd2013-11-04l0o891.44 SEN 8720pB33329r2013-11-04w2013-11-04yBKf